000 00595nam a2200181Ia 4500
005 20250508163519.0
008 008 250505s9999 xx 000 0 eng d
037 _aBooks to be hide in OPAC
040 _aFEDL
_beng
_cFEDL
041 _aeng
_2eng
084 _a370.954 25, RAM/O
_qFEDL
245 0 _aProceedings of the national workshop on educational ecology April 1994
245 0 _cRAM MANOHAR LOHIA UNIVERSITY
260 _aUttar Pradesh, India
_bKamla Nehru Institute of Technology
300 _a38p.
942 _cHB
_h370.954 25, RAM/O
999 _c1383823
_d1383823